000 00851nam0a22002531 4500
001 rc\4692157
005 20130416210525.5
021 _aRU
_b[59-1958]
035 _a(NLR Aleph) 008714070
090 _a9376574
_c9376574
100 _a20130416d1958 |||y0rusy50 ca
101 0 _arus
102 _aRU
105 _ay z |||||
200 1 _aМетодика изложения геометрических доказательств в средней школе
_eПособие для учителей
210 _aМосква
_cУчпедгиз
_d1958
215 _a108 с.
_d21
606 _aГеометрия
_jМетодические пособия
_2psbo
700 1 _aПритуло
_bФ. Ф.
_gФедор Федосеевич
801 0 _aRU
_bNLR
_gpsbo
801 1 _aRU
_bELAR
_2rusmarc
852 _aNLR
_j59-3/611
942 _cBOOK
980 _aNB